000 00474nam a2200205Ia 4500
003 GCL
008 140319s9999 xx 000 0 eng d
040 _aGCL /
_cGCL
082 0 4 _a759
_bS L
100 1 _aSUTTON, DENYS
245 1 0 _aLAUTREC /
_cSUTTON, DENYS
260 _a[S.N] :
_bSPRING BOOK ،
_c1962
300 _a48 PP
490 _aSPRING ART BOOKS
_v0
650 0 4 _aLAUTREC
650 0 4 _aARTS
650 0 4 _aPAINTING
650 0 4 _aPAINTERS
942 _2ddc
_cBK
999 _c20313
_d20313